| 000 | 00425 a2200121 4500 | ||
|---|---|---|---|
| 005 | 20250626054127.0 | ||
| 020 | _a978 9976 4 0432 6 | ||
| 100 | _aOMARI, M . I | ||
| 245 | _aMotivation, Instruction, Learning and Human Perfomance: A Practical Guide for Teachers on How to Improve Students Perfomance | ||
| 260 |
_aDar Es Salaam _bOxford University Press _c2011. |
||
| 300 |
_aix,84p.:ill.; pictures _bIndex _c23cm |
||
| 942 |
_2ddc _cBKS |
||
| 999 |
_c5170 _d5170 |
||